| 000 | 01071nam a2200289 a 4500 | ||
|---|---|---|---|
| 001 | |||
| 003 | OSt | ||
| 005 | 20220208120038.0 | ||
| 008 | 100519s2010 dr 001 0 spa d | ||
| 020 | _a9789945020915 | ||
| 040 |
_aDO-SdBNP _bspa _cBPMSU |
||
| 082 |
_aRD863.4409 _bV145c 2010 _222 |
||
| 100 | 1 |
_aValdez, Diógenes, _d1941- |
|
| 245 | 1 | 0 |
_aCuatro aspectos sobre la literatura de Juan Bosch / _cDiógenes Valdez. |
| 260 |
_aSanto Domingo : _bArchivo General de la Nación, _c2010. |
||
| 300 |
_a255 p. ; _c23 cm. |
||
| 490 | 1 |
_aArchivo General de la Nación _v105 |
|
| 500 | _aIncluye datos biográficos del autor en solapa de la cubierta. | ||
| 500 | _aIncluye referencias bibliográficas y notas al pie de las páginas. | ||
| 590 | _aInventariado, 2022/VM | ||
| 600 | 1 | 4 |
_a Bosch, Juan, _d1909-2001 _xCrítica e interpretación. |
| 650 | 4 |
_aLiteratura dominicana _xHistoria y crítica |
|
| 650 | 4 |
_aCuentos dominicanos _xHistoria y crítica |
|
| 710 | 2 | _aArchivo General de la Nación (República Dominicana) | |
| 910 | _aVMateo V. | ||
| 942 |
_2ddc _cBK |
||
| 999 |
_c14022 _d14022 |
||